=LDR 00000nam 2200000 4500 =001 INLIS000000000008034 =005 20130612095939 =008 ***********************************Ind** =035 ##$$0010-061300000008034 =041 ##$$a Ind =082 ##$$a 639.34 =090 ##$$a 639.34, Koi k =245 ##$$a Koi, Agus G.T.K...[et.al] =260 ##$$a 2001 $b Jakarta =300 ##$$a vii, 38 hlm, ilus, 23 cm =650 ##$$a Koi (Ikan) =700 ##$$a Agus =990 ##$$a 0001/BPAP-NTB/20142015